00653 2200229 4500001002100000005001700021008004100038035002400079082001100103090001800114100003400132245011600166260002200282300001900304500002400323650000900347700002000356850001500376980001100391985000600402999001500408YOGYA-0209000000565120090227020828.0 ind  0010-020900000005651 a297.64 a297.64bMab W aAl-MABTULY, Abu Ishak Ibrahim aWejangan WillyullahbPetunjuk Menjadi Kekasih AllahcAbu Ishak Ibrahim Al-Mabtuly ; alih Bahasa, Mahfudli Sahiy aSolobAnekac1995 a137 hlmc20 cm aAl-Minahus saniyyah aWali aSahiy, Mahfudli aYOPDYOG(B) a230605 a1 a97P0100954